| 000 | 01008cam a2200265 i 4500 | ||
|---|---|---|---|
| 999 |
_c58107 _d58107 |
||
| 001 | 20135851 | ||
| 005 | 20221108160342.0 | ||
| 008 | 171102s2018 mdu b 001 0 eng | ||
| 020 | _a9781538110379 X | ||
| 041 | _aeng | ||
| 080 | _a616.89-008.434 B-77 | ||
| 100 | 1 |
_aBoone, Daniel R., _912064 |
|
| 245 | 1 | 0 |
_aTrouble talking : _bthe realities of communication, language, and speech disorders / _cDaniel R. Boone. |
| 264 | 1 |
_aLanham : _bRowman & Littlefield, _c[2018] |
|
| 300 |
_a129 pages ; _c24 cm. |
||
| 653 | _aმეტყველების პრობლემა | ||
| 653 | _aმეტყველების დარღვევები | ||
| 653 | _aლოგოპედია | ||
| 653 | _aПроблемы с разговорной речью | ||
| 653 | _aЛогопедия | ||
| 653 | _aენის თერაპია | ||
| 653 | _aЯзыковая терапия | ||
| 942 |
_2udc _cBK |
||
| 955 |
_axn13 2018-10-17 1 copy rec'd., to CIP ver. _arl00 2018-10-22 to SMA |
||